| LEADER |
01069nam0a2200229 450 |
| 001 |
16865196 |
| 010 |
|
|
|a 978-2-8112-2682-4Â
|b br.Â
|d 19,5 €Â
|
| 100 |
|
|
|a 20190722d2019 u u0frey01 baÂ
|
| 101 |
1 |
|
|a freÂ
|c freÂ
|
| 102 |
|
|
|a FRÂ
|
| 200 |
0 |
|
|a Vent nous portera (Le)Â
|f Jojo MoyesÂ
|g traduit de l'anglais par Nathalie GuillaumeÂ
|
| 207 |
|
1 |
|a Â
|
| 210 |
|
|
|a ParisÂ
|c MiladyÂ
|d 2019Â
|
| 215 |
|
|
|a 1 vol. (608 p.)Â
|d 22 x 15 cmÂ
|
| 225 |
1 |
|
|a RomansÂ
|x 1373-0800Â
|
| 330 |
|
|
|a Inspiré de faits réels, ce roman raconte le destin de cinq femmes du Kentucky qui, répondant à un appel à volontaires, se lancent dans la distribution, à dos de cheval, des livres de la bibliothèque itinérante d'Eleanor Roosevelt. Bravant les dangers de la montagne, elles se vouent à la mission de fournir de la lecture à ceux qui n'ont pas accès aux livres.Â
|
| 608 |
|
|
|a Roman anglaisÂ
|
| 700 |
|
0 |
|a MoyesÂ
|b JojoÂ
|4Â 70Â
|
| 702 |
|
0 |
|a GuillaumeÂ
|b NathalieÂ
|4Â 730Â
|
| 900 |
|
|
|a RomanÂ
|
| 901 |
|
|
|a AdultesÂ
|
| 995 |
|
|
|a MédiathèqueÂ
|c MédiathèqueÂ
|f 00156012343687Â
|h 00156012343687Â
|k R MOYÂ
|o pÂ
|q aÂ
|r azÂ
|e MédiathèqueÂ
|